Linear integrated circuits : (Record no. 213790)
[ view plain ]
| 000 -LEADER | |
|---|---|
| fixed length control field | 00798 a2200157 4500 |
| 003 - CONTROL NUMBER IDENTIFIER | |
| control field | Nust |
| 005 - DATE AND TIME OF LATEST TRANSACTION | |
| control field | 20221208131651.0 |
| 040 ## - CATALOGING SOURCE | |
| Transcribing agency | Nust |
| 082 ## - DEWEY DECIMAL CLASSIFICATION NUMBER | |
| Classification number | 621.382,LIN |
| 245 ## - TITLE STATEMENT | |
| Title | Linear integrated circuits : |
| Remainder of title | for commercial applications / |
| Statement of responsibility, etc. | Harris semiconductor |
| 260 ## - PUBLICATION, DISTRIBUTION, ETC. | |
| Place of publication, distribution, etc. | USA |
| Name of publisher, distributor, etc. | Harris pub |
| Date of publication, distribution, etc. | 1991. |
| 300 ## - PHYSICAL DESCRIPTION | |
| Extent | various paging, |
| 505 ## - FORMATTED CONTENTS NOTE | |
| Formatted contents note | ntroduction to Integrated Circuit (Page-1), Operational Amplifiers (Page-34), Amplifier Circuits (Page-79), Applications of Operational Amplifiers (Page-138), Comparators (Page-172), Active Filters (Page-210), Linear Power Supplies (Page-280), Integrated Circuit Regulators (Page-324), Switch-Mode Power Supplies (Page-385), Oscillator Circuits (Page-445), Integrated Circuits (Page-541), |
| 650 ## - SUBJECT ADDED ENTRY--TOPICAL TERM | |
| Topical term or geographic name entry element | Telecommunication engineering. |
| 942 ## - ADDED ENTRY ELEMENTS (KOHA) | |
| Source of classification or shelving scheme | |
| Koha item type | Book |
| Withdrawn status | Lost status | Source of classification or shelving scheme | Damaged status | Not for loan | Permanent Location | Current Location | Shelving location | Date acquired | Full call number | Barcode | Date last seen | Price effective from | Koha item type | Public note |
|---|---|---|---|---|---|---|---|---|---|---|---|---|---|---|
| Military College of Signals (MCS) | Military College of Signals (MCS) | General Stacks | 12/12/2016 | 621.382,LIN | MCS36280 | 12/08/2016 | 12/12/2016 | Book | Almirah No.35, Shelf No.4 |
